000 00338nam a2200169Ia 4500
100 _aBuduma/Nikhil
650 _adeep learning
942 _cBK
366 _f20
654 _adeep learning
245 _aFundamentals of Deep learning
260 _bSPD
_c2017
082 _bBUD
300 _a283
546 _aENGLISH
999 _c26937
_d26937